Cardiopatías quirúrgicas (Record no. 83569)

MARC details
000 -LEADER
campo de control de longitud fija 00917nam a2200241 i 4500
001 - NÚMERO DE CONTROL
campo de control 83569
003 - IDENTIFICADOR DE NÚMERO DE CONTROL
campo de control ES-MaACL
005 - FECHA Y HORA DE LA ÚLTIMA TRANSACCIÓN
campo de control 20230906174844.0
007 - CAMPO FIJO DE DESCRIPCIÓN FÍSICA--INFORMACIÓN GENERAL
campo de control de longitud fija t|
008 - DATOS DE LONGITUD FIJA--INFORMACIÓN GENERAL
campo de control de longitud fija 041117s1961 sp a |||| | spa d
100 1# - ENTRADA PRINCIPAL--NOMBRE DE PERSONA
Nombre de persona Jacobi, Josef.
9 (RLIN) 65842
245 10 - MENCIÓN DEL TÍTULO
Título Cardiopatías quirúrgicas
Resto del título : introducción a la clínica, el diagnóstico y las posibilidades operatorias /
Mención de responsabilidad, etc. Prof. Dr. J. Jacobi, Prof. Dr. M. Loeweneck ; en colaboración con los doctores K. Maier y H. Samlert ; [versión... del alemán por el Dr. J. Morales Belda].
250 ## - MENCION DE EDICION
Mención de edición 1ª ed.
260 ## - PUBLICACIÓN, DISTRIBUCIÓN, ETC.
Lugar de publicación, distribución, etc. Madrid :
Nombre del editor, distribuidor, etc. Alhambra,
Fecha de publicación, distribución, etc. 1961.
300 ## - DESCRIPCIÓN FÍSICA
Extensión 210 p. :
Otras características físicas il. ;
Dimensiones 25 cm.
650 #4 - PUNTO DE ACCESO ADICIONAL DE MATERIA--TÉRMINO DE MATERIA
Término de materia o nombre geográfico como elemento de entrada Corazón-
Subdivisión general Enfermedades.
9 (RLIN) 144728
650 #4 - PUNTO DE ACCESO ADICIONAL DE MATERIA--TÉRMINO DE MATERIA
Término de materia o nombre geográfico como elemento de entrada Corazón-
Subdivisión general Cirugía.
9 (RLIN) 161474
700 1# - ENTRADA AGREGADA--NOMBRE PERSONAL
Nombre de persona Loeweneck, M.
9 (RLIN) 73108
700 1# - ENTRADA AGREGADA--NOMBRE PERSONAL
Nombre de persona Maier, K.
9 (RLIN) 75561
700 1# - ENTRADA AGREGADA--NOMBRE PERSONAL
Nombre de persona Samlert, H.
9 (RLIN) 102179
700 1# - ENTRADA AGREGADA--NOMBRE PERSONAL
Nombre de persona Morales Belda, Francisco Javier.
9 (RLIN) 83018
852 ## - LOCALIZACIÓN
Ubicación ES-MaACL
Número de control de estantería B-2173
Holdings
Estatus retirado Estado de pérdida Estado de daño No para préstamo Biblioteca de origen Biblioteca actual Ubicación en estantería Fecha de adquisición Fuente de adquisición Total de préstamos Signatura topográfica completa Código de barras Visto por última vez Precio de reemplazo Tipo de ítem Koha
        Biblioteca del Ateneo de Madrid Biblioteca del Ateneo de Madrid Sala Pardo Bazán 17/01/2008     B-2173 1087343 23/02/2023 23/02/2023 Libro impreso